NFL Top 10 Yards from Scrimmage 1980s - Statistics

General Stats
  • This quiz has been taken 27 times
  • The average score is 64 of 100
Answer Stats
Year Team Player % Correct
1989: 3 Lions Barry Sanders
96%
1989: 7 Colts Eric Dickerson
91%
1988: 2 Colts Eric Dickerson
91%
1987: 3 Rams/Colts Eric Dickerson
91%
1986: 1 Rams Eric Dickerson
91%
1984: 1 Rams Eric Dickerson
91%
1983: 1 Rams Eric Dickerson
91%
1988: 10 Chargers Gary Anderson
87%
1989: 4 Bears Neal Anderson
87%
1988: 6 Bears Neal Anderson
87%
1984: 5 Cardinals Ottis Anderson
87%
1983: 5 Cardinals Ottis Anderson
87%
1981: 6 Cardinals Ottis Anderson
87%
1980: 5 Cardinals Ottis Anderson
87%
1989: 6 49ers Roger Craig
87%
1988: 1 49ers Roger Craig
87%
1987: 4 49ers Roger Craig
87%
1986: 10 49ers Roger Craig
87%
1985: 2 49ers Roger Craig
87%
1989: 1 Bills Thurman Thomas
87%
1987: 6 Raiders Marcus Allen
83%
1985: 1 Raiders Marcus Allen
83%
1984: 4 Raiders Marcus Allen
83%
1983: 9 Raiders Marcus Allen
83%
1982: 1 Raiders Marcus Allen
83%
1985: 6 Cowboys Tony Dorsett
83%
1984: 7 Cowboys Tony Dorsett
83%
1983: 7 Cowboys Tony Dorsett
83%
1982: 7 Cowboys Tony Dorsett
83%
1981: 2 Cowboys Tony Dorsett
83%
1980: 9 Cowboys Tony Dorsett
83%
1986: 5 Bears Walter Payton
83%
1985: 3 Bears Walter Payton
83%
1984: 3 Bears Walter Payton
83%
1983: 3 Bears Walter Payton
83%
1982: 9 Bears Walter Payton
83%
1981: 9 Bears Walter Payton
83%
1980: 3 Bears Walter Payton
83%
1983: 10 Oilers Earl Campbell
78%
1980: 1 Oilers Earl Campbell
78%
1988: 3 Cowboys Herschel Walker
74%
1987: 1 Cowboys Herschel Walker
74%
1986: 7 Cowboys Herschel Walker
74%
1989: 8 49ers Jerry Rice
74%
1988: 8 49ers Jerry Rice
74%
1987: 9 49ers Jerry Rice
74%
1986: 6 49ers Jerry Rice
74%
1989: 9 Chiefs Christian Okoye
70%
1987: 10 Cardinals J.T. Smith
70%
1987: 2 Rams Charles White
65%
1982: 10 Bengals Pete Johnson
65%
1986: 9 Falcons Gerald Riggs
61%
1985: 4 Falcons Gerald Riggs
61%
1984: 6 Falcons Gerald Riggs
61%
1983: 6 Bills Joe Cribbs
61%
1981: 8 Bills Joe Cribbs
61%
1980: 6 Joe Cribbs Joe Cribbs
61%
1988: 5 Seahawks John Williams
61%
1984: 8 Cardinals Roy Green
61%
1982: 4 Lions Billy Sims
57%
1981: 4 Lions Billy Sims
57%
1980: 2 Lions Billy Sims
57%
1985: 5 Jets Freeman McNeil
57%
1982: 5 Jets Freeman McNeil
57%
1987: 7 Seahawks Curt Warner
52%
1986: 2 Seahawks Curt Warner
52%
1983: 4 Seahawks Curt Warner
52%
1982: 8 49ers Dwight Clark
52%
1985: 7 Buccaneers James Wilder
52%
1984: 2 Buccaneers James Wilder
52%
1986: 4 Giants Joe Morris
52%
1985: 9 Giants Joe Morris
52%
1989: 10 Packers Sterling Sharpe
52%
1981: 7 Vikings Ted Brown
52%
1980: 7 Vikings Ted Brown
52%
1985: 8 Patriots Craig James
48%
1985: 10 Chargers Lionel James
48%
1981: 5 Saints George Rogers
43%
1988: 7 Rams Henry Ellard
43%
1984: 10 Packers James Lofton
43%
1982: 3 Chargers Wes Chandler
43%
1981: 3 Eagles Wilbert Montgomery
43%
1983: 2 Falcons William Andrews
43%
1982: 2 Falcons William Andrews
43%
1981: 1 Falcons William Andrews
43%
1980: 4 Falcons William Andrews
43%
1989: 5 Bengals James Brooks
39%
1986: 3 Bengals James Brooks
39%
1986: 8 Patriots Stanley Morgan
39%
1989: 2 Saints Dalton Hilliard
35%
1988: 9 Rams Greg Bell
35%
1981: 10 Browns Mike Pruitt
35%
1980: 8 Browns Mike Pruitt
35%
1980: 10 Chargers John Jefferson
30%
1984: 9 49ers Wendell Tyler
26%
1982: 6 Rams Wendell Tyler
26%
1987: 8 Oilers Mike Rozier
17%
1987: 5 Cardinals Stump Mitchell
17%
1983: 8 Colts Curtis Dickey
13%
1988: 4 Falcons John Settle
13%
No matching quizzes found
Score Distribution
Percent of People with Each Score
Percentile by Number Answered
Your Score History
You have not taken this quiz